00387nam a2200157Ia 45000010006000000050017000060080041000230410008000640820019000721000024000912450057001152600009001723000032001816500008002136540008002211381720260306164829.0260306t2015||||xx |||||||||||||| ||spa|| aESP a005.30287bF37 aFenton, NormaneAUT 0aSoftware metrics:ba rigorous and practical approach c2015 axx, 595 páginas :c24 cm. aGEN aCCC